000 00978cam a2200277 a 4500
001 000010908
005 20200929162321.0
008 980609s1994 pe a b 001 0 spa
035 _a(DLC) 98158511
040 _aDO-SdBNP
_bspa
_cDLC
_dBNPHU
082 _a304.2
_bG923e
100 1 _aGudynas, Eduardo,
_d1960-
_926310
245 1 0 _aEcología social :
_bmanual de metodologías para educadores populares /
_cEduardo Gydinas y Graciela Evia.
260 _aLima, (Perú) :
_bTarea :,
_c1994.
300 _a239 p. :
_bil. ;
_c21 cm.
490 1 _aBiblioteca de educación de adultos
_v9
500 _aQuinto Centenario (España).
504 _aBibliografías: p. 229-236.
650 4 _aEcología social
_926311
650 4 _aEcología humana
_92035
650 4 _aHombres
_xInfluencia sobre la naturaleza
_926312
700 1 _aEvia, Graciela,
_d1964-
_926313
830 0 _aBiblioteca de educación de adultos ;
_v9.
_926314
910 _aCatalogación derivada.
049 _aBNGR
999 _c10646
_d10646